000 00414nam a2200157Ia 4500
003 GCL
008 140319s9999 xx 000 0 eng d
040 _aGCL /
_cGCL
082 0 4 _a401.43
_bH R
100 1 _aHOFIMANN, TH. R.
245 1 0 _aREALMS OF MEANING: AN INTRODUCTION TO SEMANTICS /
_cHOFIMANN, TH. R.
260 _a[S.N] :
_bLONGMAN ،
_c1993
300 _a339 P
650 0 4 _aSEMANTICS
942 _2ddc
_cBK
999 _c24645
_d24645